Dizajn ekonomických systémov v 21.storočí

Skúmanie ekonomických systémov a teórií u nás a vo svete. Kondratievove vlny. Trendy ekonomických systémov v budúcnosti.

Gespeichert in:
Bibliographische Detailangaben
1. Verfasser: Hajniková, Tatiana
Format: Buchkapitel
Sprache:Slowakisch
Schlagworte:
Tags: Tag hinzufügen
Keine Tags, Fügen Sie das erste Tag hinzu!

MARC

LEADER 00000nla a2200000 4500
001 0240174
005 20240502073910.3
041 0 |a slo 
044 |a SK 
245 1 0 |a Dizajn ekonomických systémov v 21.storočí  |c Tatiana Hajníková 
520 |a Skúmanie ekonomických systémov a teórií u nás a vo svete. Kondratievove vlny. Trendy ekonomických systémov v budúcnosti. 
610 2 0 |a ekonomika nová 
610 2 0 |a systémy ekonomické 
610 2 0 |a vývoj 
610 2 0 |a teórie ekonomické 
610 2 0 |a vlnenie konjunktúrne 
610 2 0 |a cykly hospodárske 
100 1 |a Hajniková, Tatiana